|
|
|
|
| LEADER |
02429nam a2200481 4500 |
| 001 |
978-3-319-98092-8 |
| 003 |
DE-He213 |
| 005 |
20191028192828.0 |
| 007 |
cr nn 008mamaa |
| 008 |
181212s2018 gw | s |||| 0|eng d |
| 020 |
|
|
|a 9783319980928
|9 978-3-319-98092-8
|
| 024 |
7 |
|
|a 10.1007/978-3-319-98092-8
|2 doi
|
| 040 |
|
|
|d GrThAP
|
| 050 |
|
4 |
|a QA75.5-76.95
|
| 072 |
|
7 |
|a UT
|2 bicssc
|
| 072 |
|
7 |
|a COM069000
|2 bisacsh
|
| 072 |
|
7 |
|a UT
|2 thema
|
| 082 |
0 |
4 |
|a 005.7
|2 23
|
| 100 |
1 |
|
|a Bergman, Michael K.
|e author.
|4 aut
|4 http://id.loc.gov/vocabulary/relators/aut
|
| 245 |
1 |
2 |
|a A Knowledge Representation Practionary
|h [electronic resource] :
|b Guidelines Based on Charles Sanders Peirce /
|c by Michael K. Bergman.
|
| 250 |
|
|
|a 1st ed. 2018.
|
| 264 |
|
1 |
|a Cham :
|b Springer International Publishing :
|b Imprint: Springer,
|c 2018.
|
| 300 |
|
|
|a XVII, 462 p. 28 illus., 16 illus. in color.
|b online resource.
|
| 336 |
|
|
|a text
|b txt
|2 rdacontent
|
| 337 |
|
|
|a computer
|b c
|2 rdamedia
|
| 338 |
|
|
|a online resource
|b cr
|2 rdacarrier
|
| 347 |
|
|
|a text file
|b PDF
|2 rda
|
| 505 |
0 |
|
|a 1 Introduction -- 2 Information, Knowledge, Representation -- 3 The Situation -- 4 The Opportunity -- 5 The Precepts -- 6 The Universal Categories -- 7 A KR Terminology -- 8 KR Vocabulary and Languages -- 9 Keeping the Design Open -- 10 Modular, Expandable Typologies -- 11 Knowledge Graphs and Bases -- 12 Platforms and Knowledge Management -- 13 Building Out the System -- 14 Testing Best Practices -- 15 Potential Uses in Breadth -- 16 Potential Uses in Depth -- 17 Conclusion. .
|
| 520 |
|
|
|a .
|
| 650 |
|
0 |
|a Computers.
|
| 650 |
|
0 |
|a Artificial intelligence.
|
| 650 |
|
0 |
|a Management information systems.
|
| 650 |
|
0 |
|a Computer science.
|
| 650 |
1 |
4 |
|a Information Systems and Communication Service.
|0 http://scigraph.springernature.com/things/product-market-codes/I18008
|
| 650 |
2 |
4 |
|a Artificial Intelligence.
|0 http://scigraph.springernature.com/things/product-market-codes/I21000
|
| 650 |
2 |
4 |
|a Management of Computing and Information Systems.
|0 http://scigraph.springernature.com/things/product-market-codes/I24067
|
| 710 |
2 |
|
|a SpringerLink (Online service)
|
| 773 |
0 |
|
|t Springer eBooks
|
| 776 |
0 |
8 |
|i Printed edition:
|z 9783319980911
|
| 776 |
0 |
8 |
|i Printed edition:
|z 9783319980935
|
| 856 |
4 |
0 |
|u https://doi.org/10.1007/978-3-319-98092-8
|z Full Text via HEAL-Link
|
| 912 |
|
|
|a ZDB-2-SCS
|
| 950 |
|
|
|a Computer Science (Springer-11645)
|